[Event "Amos Burn Memorial"]
[Site "SchemingMind.com"]
[Date "2021.06.12"]
[Round "-"]
[White "Derek Price"]
[Black "Chessibelle"]
[Result "1-0"]
[WhiteCountry "ENG"]
[BlackCountry "ENG"]
[WhiteElo "2237"]
[WhiteRD "64"]
[BlackElo "1080"]
[BlackRD "59"]
[GameID "712427"]

1. c4 d6 2. d4 Nf6 3. Nf3 g6 4. g3 Bg7 5. Bg2 Bd7 6. O-O O-O 7. Nc3 Nc6 8. e4 e5 9. d5 Ne7 10. Ne1 a6
11. Nd3 c6 12. Bg5 b5 13. c5 h6 14. Bxf6 Bxf6 15. cxd6 Nc8 16. dxc6 Bxc6 17. Nb4 Bb7 18. d7 Nb6 19. Bh3 h5 20. Nbd5 Bc6
21. Nxb6 Qxb6 22. Qd6 Bd8 23. Qxe5 Ra7 24. Rfd1 f6 25. Qe6+ Kh7 26. Rd6 Rc7 27. Ne2 Qc5 28. Rc1 Qb4 29. Rdxc6 Qxb2 30. Rxc7 Bxc7
31. Qe7+ Kh6 32. Qxf8+ Kg5 33. Rc5+ Be5 34. f4#
1-0

[Event "Amos Burn Memorial"]
[Site "SchemingMind.com"]
[Date "2021.06.13"]
[Round "-"]
[White "Chessibelle"]
[Black "Derek Price"]
[Result "0-1"]
[WhiteCountry "ENG"]
[BlackCountry "ENG"]
[WhiteElo "1141"]
[WhiteRD "61"]
[BlackElo "2207"]
[BlackRD "67"]
[GameID "712428"]

1. e4 c5 2. Nc3 Nc6 3. b3 g6 4. d3 Bg7 5. Bd2 Nf6 6. g3 O-O 7. Be2 d5 8. Nf3 dxe4 9. dxe4 Bh3 10. Ng5 Qd7
11. Be3 Qc8 12. Qd2 Rd8 13. Bd3 Bg2 14. Rg1 Nxe4 15. Ncxe4 Bxe4 16. Nxe4 Bxa1 17. Bxc5 Bd4 18. Ba3 Qh3 19. Rf1 Qxh2 20. c3 Ne5
21. Bc4 Nf3+
0-1

[Event "Amos Burn Memorial"]
[Site "SchemingMind.com"]
[Date "2021.06.15"]
[Round "-"]
[White "Derek Price"]
[Black "AussieMossie"]
[Result "0-1"]
[WhiteCountry "ENG"]
[BlackCountry "AUS"]
[WhiteElo "2235"]
[WhiteRD "68"]
[BlackElo "2634"]
[BlackRD "79"]
[GameID "712478"]

1. c4 e5 2. Nc3 Nf6 3. Nf3 Nc6 4. g3 d5 5. cxd5 Nxd5 6. Bg2 Bc5 7. O-O O-O 8. d3 h6 9. Nxd5 Qxd5 10. Be3 Bxe3
11. fxe3 e4 12. Nd2 Qg5 13. Rf4 exd3 14. exd3 Qe7 15. Qe2 Ne5 16. d4 Ng6 17. Rf2 c6 18. Nb3 Be6 19. Nc5 Rad8 20. b3 Bc8
21. Rc1 Rfe8 22. Re1 b6 23. Ne4 Be6 24. Nc3 c5 25. d5 Bc8 26. Qc2 Ne5 27. Rf4 Ba6 28. Rd1 g5 29. Ra4 Bc8 30. Qd2 a6
31. Ne4 f5 32. Nf2 b5 33. Ra5 Qf6 34. Kh1 Qb6 35. Qc3 Nd7 36. b4 cxb4 37. Qxb4 Rxe3 38. a4 Re2 39. Nd3 Nf6 40. axb5 Nxd5
41. Qc5 Qxa5 42. Bxd5+ Kh7 43. Rb1 Rxd5 44. Qxd5 Be6 45. Qb7+ Kg6 46. Nb4 Qa3 47. bxa6 f4 48. Qc6 Kh5 49. Rf1 Kg4 50. Nd5 Kh3
51. Nc3 Qb2 52. Nxe2 Qxe2 53. Qxe6+ Qxe6 54. Kg1 Qe3+ 55. Rf2 fxg3 56. hxg3 Qe1+ 57. Rf1 Qxg3+ 58. Kh1 Qg2#
0-1

[Event "Amos Burn Memorial"]
[Site "SchemingMind.com"]
[Date "2021.06.15"]
[Round "-"]
[White "AussieMossie"]
[Black "Derek Price"]
[Result "1-0"]
[WhiteCountry "AUS"]
[BlackCountry "ENG"]
[WhiteElo "2624"]
[WhiteRD "76"]
[BlackElo "2237"]
[BlackRD "64"]
[GameID "712479"]

1. e4 c5 2. Nf3 d6 3. d4 cxd4 4. Nxd4 Nf6 5. Nc3 a6 6. Be3 e5 7. Nb3 Be6 8. f3 h5 9. Qd2 Nbd7 10. Nd5 Bxd5
11. exd5 g6 12. Be2 Bg7 13. O-O b6 14. Rad1 O-O 15. a4 Re8 16. Nc1 e4 17. f4 Ng4 18. Bxg4 hxg4 19. f5 Ne5 20. b3 b5
21. axb5 axb5 22. Ne2 Qc8 23. Nd4 Ra2 24. Kh1 g3 25. Qe2 gxh2 26. Bg5 Nd7 27. fxg6 fxg6 28. Ne6 Nf8 29. Nxg7 Kxg7 30. Qf2 Qd7
31. Qf6+ Kg8 32. Bh6 Raa8 33. Bxf8 Rxf8 34. Qxg6+ Qg7 35. Qxd6 Kh7 36. Rxf8 Rxf8 37. Qe6 Qg6 38. Qe7+ Kh8 39. Qxf8+
1-0

[Event "Amos Burn Memorial"]
[Site "SchemingMind.com"]
[Date "2021.06.15"]
[Round "-"]
[White "AussieMossie"]
[Black "Chessibelle"]
[Result "1-0"]
[WhiteCountry "AUS"]
[BlackCountry "ENG"]
[WhiteElo "2602"]
[WhiteRD "78"]
[BlackElo "1141"]
[BlackRD "61"]
[GameID "712480"]

1. e4 e5 2. Nf3 d6 3. d4 f6 4. Bc4 Ne7 5. dxe5 Nd7 6. exd6 Nc6 7. dxc7 Qxc7 8. Nc3 b6 9. Nd5 Qb7 10. Bf4 h6
11. Nc7+ Kd8 12. Ne6+ Ke8 13. Nh4 g5 14. Qh5+ Ke7 15. Nf5#
1-0

[Event "Amos Burn Memorial"]
[Site "SchemingMind.com"]
[Date "2021.06.15"]
[Round "-"]
[White "Chessibelle"]
[Black "AussieMossie"]
[Result "0-1"]
[WhiteCountry "ENG"]
[BlackCountry "AUS"]
[WhiteElo "1141"]
[WhiteRD "61"]
[BlackElo "2602"]
[BlackRD "78"]
[GameID "712481"]

1. Nf3 Nf6 2. d4 d5 3. e3 c5 4. Be2 cxd4 5. Nxd4 e5 6. Nf3 Bd6 7. O-O e4 8. Ne1 Nc6 9. a3 h5 10. g3 Bh3
11. Ng2 h4 12. Bd2 Qd7 13. c3 Bxg2 14. Kxg2 hxg3 15. Kh1 Qh3
0-1

[Event "Amos Burn Memorial"]
[Site "SchemingMind.com"]
[Date "2021.06.17"]
[Round "-"]
[White "Derek Price"]
[Black "ray winteringham"]
[Result "1-0"]
[WhiteCountry "ENG"]
[BlackCountry "ENG"]
[WhiteElo "2207"]
[WhiteRD "67"]
[BlackElo "1452"]
[BlackRD "51"]
[GameID "712534"]

1. c4 b5 2. b3 e5 3. cxb5 d5 4. Nf3 Bd6 5. Bb2 f6 6. Nc3 Ne7 7. e3 Bb7 8. g3 c6 9. Bh3 Nd7 10. O-O O-O
11. Qe2 a6 12. bxc6 Bxc6 13. Rac1 g5 14. Be6+ Kg7 15. d4 e4 16. Nd2 Rh8 17. f3 Nf8 18. Bh3 Bb4 19. fxe4 Bxc3 20. Qf3 Nd7
21. Bxc3 Rf8 22. exd5 Nxd5 23. Bb2 Rc8 24. Rxc6 Rxc6 25. Qxd5 Rc2 26. Ba3 Re8 27. Nc4 Rxa2 28. Bxd7 Re7 29. Bxe7 Qb8 30. Bxf6+ Kh6
31. Qxg5#
1-0

[Event "Amos Burn Memorial"]
[Site "SchemingMind.com"]
[Date "2021.06.17"]
[Round "-"]
[White "ray winteringham"]
[Black "Derek Price"]
[Result "0-1"]
[WhiteCountry "ENG"]
[BlackCountry "ENG"]
[WhiteElo "1452"]
[WhiteRD "51"]
[BlackElo "2207"]
[BlackRD "67"]
[GameID "712535"]

1. c4 e5 2. e4 Nf6 3. d3 Bc5 4. h3 Nc6 5. Be2 O-O 6. Nc3 h6 7. Nf3 d6 8. O-O Be6 9. Be3 Nd4 10. a3 c6
11. b4 Nxf3+ 12. Bxf3 Bxe3 13. fxe3 a6 14. Qc2 b5 15. cxb5 axb5 16. d4 Qb6 17. Rfd1 Ra7 18. a4 bxa4 19. Rdb1 Bb3 20. Qd2 Qxb4
21. Qe1 exd4 22. exd4 Qxd4+ 23. Kh1 Qc4 24. Rc1 Qe6 25. e5 dxe5 26. Ne4 Nxe4 27. Bxe4 Bd5 28. Bc2 Qxh3+
0-1

[Event "Amos Burn Memorial"]
[Site "SchemingMind.com"]
[Date "2021.06.17"]
[Round "-"]
[White "AussieMossie"]
[Black "ray winteringham"]
[Result "1-0"]
[WhiteCountry "AUS"]
[BlackCountry "ENG"]
[WhiteElo "2602"]
[WhiteRD "78"]
[BlackElo "1452"]
[BlackRD "51"]
[GameID "712536"]

1. e4 d5 2. exd5 Qxd5 3. Nc3 Qd8 4. d4 Bf5 5. g4 Bg6 6. Nf3 e6 7. h4 f6 8. Bc4 Bf7 9. Qe2 Qd7 10. Bf4 Bd6
11. Bxd6 Qxd6 12. d5 e5 13. O-O-O Ne7 14. Ne4 Qd8 15. d6 Nec6 16. dxc7 Qxc7 17. Nd6+ Ke7 18. Nxf7 Rf8 19. N7g5 h6 20. Ne6
1-0

[Event "Amos Burn Memorial"]
[Site "SchemingMind.com"]
[Date "2021.06.17"]
[Round "-"]
[White "ray winteringham"]
[Black "AussieMossie"]
[Result "0-1"]
[WhiteCountry "ENG"]
[BlackCountry "AUS"]
[WhiteElo "1452"]
[WhiteRD "51"]
[BlackElo "2602"]
[BlackRD "78"]
[GameID "712537"]

1. c4 e5 2. Nc3 Nf6 3. d4 exd4 4. Qxd4 Nc6 5. Qd1 Bb4 6. Bd2 O-O 7. Nf3 b6 8. b3 d5 9. e3 d4 10. exd4 Re8+
11. Be2 Nxd4 12. O-O Bxc3 13. Bxc3 Nxe2+ 14. Kh1 Qxd1 15. Raxd1 Nxc3 16. Rd2 Bg4 17. Nh4 Nfe4 18. Rc2 Be2 19. Re1 Nxf2+ 20. Kg1 Nd3
21. Ra1 Bd1
0-1

[Event "Amos Burn Memorial"]
[Site "SchemingMind.com"]
[Date "2021.06.17"]
[Round "-"]
[White "ray winteringham"]
[Black "Chessibelle"]
[Result "1-0"]
[WhiteCountry "ENG"]
[BlackCountry "ENG"]
[WhiteElo "1452"]
[WhiteRD "51"]
[BlackElo "1141"]
[BlackRD "61"]
[GameID "712538"]

1. c4 d6 2. d4 b6 3. e4 g6 4. Bd3 e6 5. Nf3 Be7 6. O-O Nf6 7. Bh6 Ng4 8. Bg7 Rg8 9. Nfd2 h5 10. h3 Nf6
11. Bh6 g5 12. e5 dxe5 13. dxe5 Nfd7 14. f4 Nc6 15. fxg5 Ndxe5 16. Be4 Qd4+ 17. Kh1 Rb8 18. Nc3 Bb7 19. Nb5 Qc5 20. Qxh5 Kd7
21. Rad1 Kc8 22. b3 Ra8 23. Nf3 Rb8 24. Nxe5 Qxe5 25. Rfe1 a6 26. Bxc6 Qb2 27. Bxb7+ Kxb7 28. Nd4 Qf2 29. Rf1 Qg3 30. Qxf7 Bd6
31. Qf3+ Ka7 32. Qxg3 Bxg3 33. Nc6+ Kb7 34. Nxb8 Kxb8 35. Rd7 Kc8 36. Rg7 Rd8 37. Re7 c5 38. g6 Be5 39. Rf8
1-0

[Event "Amos Burn Memorial"]
[Site "SchemingMind.com"]
[Date "2021.06.17"]
[Round "-"]
[White "Chessibelle"]
[Black "ray winteringham"]
[Result "0-1"]
[WhiteCountry "ENG"]
[BlackCountry "ENG"]
[WhiteElo "1141"]
[WhiteRD "61"]
[BlackElo "1452"]
[BlackRD "51"]
[GameID "712539"]

1. Nf3 d5 2. d4 Bf5 3. Nc3 e6 4. Bd2 Bd6 5. g3 h6 6. Bg2 Ne7 7. O-O Nd7 8. a3 c6 9. b4 O-O 10. h4 Qc7
11. e3 a5 12. Na2 axb4 13. axb4 Ra7 14. c3 Rfa8 15. Qb3 Bd3 16. Rfe1 Bc4 17. Qc2 Rxa2 18. Qd1 Rxa1 19. Qc2 R8a2
0-1

[Event "Amos Burn Memorial"]
[Site "SchemingMind.com"]
[Date "2021.06.22"]
[Round "-"]
[White "Derek Price"]
[Black "William Lindberg"]
[Result "0-1"]
[WhiteCountry "ENG"]
[BlackCountry "USA"]
[WhiteElo "2235"]
[WhiteRD "68"]
[BlackElo "2457"]
[BlackRD "65"]
[GameID "712640"]

1. c4 e5 2. Nc3 Nf6 3. Nf3 Nc6 4. g3 d5 5. cxd5 Nxd5 6. Bg2 Bc5 7. O-O O-O 8. d3 h6 9. Nxd5 Qxd5 10. Be3 Bxe3
11. fxe3 Qc5 12. Qd2 Qb6 13. Kh1 Be6 14. a3 Rfd8 15. Rac1 Rd5 16. Nh4 Rb5 17. Rc2 Ne7 18. Be4 Bb3 19. Rcc1 Be6 20. Rc2 Bb3
21. Rcc1 a5 22. d4 Be6 23. Rc2 Rd8 24. Nf3 c5 25. Rxc5 Qxc5 26. dxc5 Rxd2 27. Nxd2 Rxb2 28. Rd1 f5 29. Bd3 e4 30. Bc4 Bxc4
31. Nxc4 Rxe2 32. Nxa5 Rxe3 33. Nxb7 Rxa3 34. Rc1 Nc6 35. Nd6 g6 36. g4 Ra2 37. Nb5 Rd2 38. gxf5 Ne5 39. Rf1 e3 40. Kg1 e2
41. Re1 Nd3 42. Rxe2 Rxe2 43. fxg6 Nxc5 44. Nd4 Rb2 45. Nf5 Nd3 46. Nxh6+ Kg7 47. Nf5+ Kxg6 48. Ne3 Kg5 49. Kf1 Kh4 50. Ng2+ Kg4
51. Ne3+ Kf3 52. Kg1 Kxe3
0-1

[Event "Amos Burn Memorial"]
[Site "SchemingMind.com"]
[Date "2021.06.22"]
[Round "-"]
[White "William Lindberg"]
[Black "Derek Price"]
[Result "1-0"]
[WhiteCountry "USA"]
[BlackCountry "ENG"]
[WhiteElo "2457"]
[WhiteRD "65"]
[BlackElo "2235"]
[BlackRD "68"]
[GameID "712641"]

1. c4 c5 2. e3 Nf6 3. d4 e6 4. Nf3 a6 5. d5 exd5 6. cxd5 d6 7. h3 g6 8. a4 Bg7 9. Nc3 O-O 10. Bd3 Nbd7
11. e4 Nh5 12. Be2 Re8 13. O-O Bxc3 14. bxc3 Nhf6 15. Bg5 Qc7 16. Bd3 Nxe4 17. Bxe4 Rxe4 18. Re1 Rxe1+ 19. Qxe1 Ne5 20. Nxe5 dxe5
21. f4 e4 22. Qxe4 Bf5 23. Qe5 Qxe5 24. fxe5 Kf8 25. c4 Bd3 26. Rc1 Ke8 27. Rc3 Be4 28. Re3 Bc2 29. a5 Rb8 30. e6 fxe6
31. Rxe6+ Kf8 32. d6 Bf5 33. Re7 Rd8 34. Re5 Rd7 35. Be7+ Kf7 36. Kf2 Bd3 37. Rxc5 Ke6 38. g4 h6 39. Ke3 Bf1 40. h4 Kf7
41. h5 Bh3 42. hxg6+ Kxg6 43. Kf3 Kg7 44. Kg3 Bf1 45. Rc7
1-0

[Event "Amos Burn Memorial"]
[Site "SchemingMind.com"]
[Date "2021.06.23"]
[Round "-"]
[White "AussieMossie"]
[Black "William Lindberg"]
[Result "1-0"]
[WhiteCountry "AUS"]
[BlackCountry "USA"]
[WhiteElo "2624"]
[WhiteRD "76"]
[BlackElo "2432"]
[BlackRD "67"]
[GameID "712642"]

1. d4 Nf6 2. c4 e6 3. Nf3 d5 4. Nc3 dxc4 5. e4 Bb4 6. Bxc4 Nxe4 7. O-O Nxc3 8. bxc3 Bd6 9. Re1 O-O 10. Bd3 Nd7
11. Bc2 b6 12. Qd3 g6 13. Ne5 Bb7 14. Bh6 Re8 15. Qg3 Bf8 16. Be3 Nf6 17. Ba4 Ne4 18. Qf4 Qe7 19. Bxe8 Rxe8 20. Bd2 Nd6
21. a4 Nf5 22. Qg4 f6 23. Nc4 a5 24. Ne3 Nh6 25. Qh4 Nf7 26. c4 Qd8 27. d5 e5 28. Bc1 Kg7 29. Ba3 Bxa3 30. Rxa3 Qe7
31. Rb3 Qd6 32. Qg3 Bc8 33. Rb5 f5 34. c5 Qd8 35. Nd1 f4 36. Qa3 Ba6 37. Rb1 Qxd5 38. Nc3 Qc6 39. cxb6 Bb7 40. f3 cxb6
41. Ne4 Ba8 42. h4 Qd7 43. Red1 Qa7 44. Nd6 Re6 45. Nb5 Qb7 46. Rdc1 Qb8 47. Rc7 Bc6 48. Re7 Rxe7 49. Qxe7 Qe8 50. Qxe8 Bxe8
51. Nc3 Nd8 52. Rxb6 Kf7 53. Nb5 Ke7 54. Ra6 Nb7 55. Nc3 Bd7 56. Nd5+ Kf7 57. Nb6 Bc6 58. Nc4 Bd5 59. Nxe5+ Ke7 60. Nd3 Kd7
61. Kh2 Bb3 62. Ra7 Bd5 63. Nc5+ Kc7 64. Nxb7 Bxb7 65. Rxa5 Kc6 66. h5 gxh5 67. Rxh5 Kb6 68. Rxh7 Bd5 69. Rh4 Ba2 70. Rxf4 Ka5
71. g4 Bb3 72. g5
1-0

[Event "Amos Burn Memorial"]
[Site "SchemingMind.com"]
[Date "2021.06.22"]
[Round "-"]
[White "William Lindberg"]
[Black "AussieMossie"]
[Result "0-1"]
[WhiteCountry "USA"]
[BlackCountry "AUS"]
[WhiteElo "2432"]
[WhiteRD "67"]
[BlackElo "2624"]
[BlackRD "76"]
[GameID "712643"]

1. e4 c5 2. Nf3 d6 3. Bb5+ Nd7 4. a4 Nf6 5. Nc3 a6 6. Be2 g6 7. a5 Bg7 8. O-O O-O 9. Re1 b6 10. axb6 Bb7
11. d3 Qxb6 12. h3 a5 13. Nd2 Ne5 14. f4 c4+ 15. Kh2 cxd3 16. cxd3 Nc6 17. Nc4 Qd8 18. Be3 d5 19. exd5 Nb4 20. Bb6 Qb8
21. d6 exd6 22. Bf2 d5 23. Ne5 d4 24. Bxd4 Nc6 25. Ra4 Nxd4 26. Rxd4 Qa7 27. Qa4 Qb6 28. Bf3 Bxf3 29. Nxf3 Nh5 30. Nd5 Qxb2
31. Rc4 Qf2 32. Rc2 Qg3+ 33. Kh1 Rad8 34. Rc5 Bh6 35. Qa2 Bxf4 36. Nxf4 Qxf4 37. Rc4 Qd6 38. Ne5 Ra8 39. Kg1 Rfe8 40. Rce4 Qb6+
41. d4 Re7 42. Nc4 Rxe4 43. Nxb6 Rxe1+ 44. Kh2 Rd8 45. Qxa5 Re2 46. Nd5 Rde8 47. Qb4 h6 48. Qb5 Re1 49. Nb4 R8e2 50. Nd3 Rf1
51. d5 Kh7 52. Qc4 Rd2 53. Qc3 Rdd1 54. g4 Rh1+ 55. Kg2 Rxd3 56. Qc7 Rb1 57. Qxf7+ Ng7 58. Qf2 Rbd1 59. Qb6 R1d2+ 60. Kg1 Rg3+
61. Kf1 Rxh3 62. Kg1 Rg3+ 63. Kf1 Rxg4 64. Qb3 Rgd4 65. Qb7 Rxd5 66. Qb4 Rc2 67. Ke1 Rh5 68. Kd1 Rhh2 69. Qe4 Ra2
0-1

[Event "Amos Burn Memorial"]
[Site "SchemingMind.com"]
[Date "2021.06.22"]
[Round "-"]
[White "ray winteringham"]
[Black "William Lindberg"]
[Result "0-1"]
[WhiteCountry "ENG"]
[BlackCountry "USA"]
[WhiteElo "1511"]
[WhiteRD "50"]
[BlackElo "2432"]
[BlackRD "67"]
[GameID "712644"]

1. g3 e5 2. e4 d5 3. Bg2 dxe4 4. Bxe4 Nf6 5. Bg2 Nc6 6. c3 Bc5 7. d3 Bf5 8. Ne2 Bxd3 9. O-O Qd7 10. Bg5 Ng4
11. Nd2 Qf5 12. h3 Bxf2+ 13. Kh1 Qxg5 14. Ne4 Bxe4 15. Bxe4 Ne3 16. Qa4 Qf6 17. Rxf2 Qxf2 18. Bxc6+ bxc6 19. Qxc6+ Ke7 20. Qxc7+ Kf8
21. Qc6 Rd8 22. Ng1 Nf5 23. Qg2 Nxg3+ 24. Kh2 Qf4
0-1

[Event "Amos Burn Memorial"]
[Site "SchemingMind.com"]
[Date "2021.06.22"]
[Round "-"]
[White "William Lindberg"]
[Black "ray winteringham"]
[Result "1-0"]
[WhiteCountry "USA"]
[BlackCountry "ENG"]
[WhiteElo "2432"]
[WhiteRD "67"]
[BlackElo "1511"]
[BlackRD "50"]
[GameID "712645"]

1. c4 f5 2. Nf3 Nf6 3. d4 e6 4. g3 c5 5. Bg2 h6 6. d5 d6 7. Nh4 Kf7 8. dxe6+ Bxe6 9. Bxb7 Nbd7 10. Qc2 Rb8
11. Bg2 Ne5 12. Nxf5 Rb4 13. b3 a5 14. Nc3 Rb8 15. f4 Ng6 16. Nxh6+ Rxh6 17. f5 Bxc4 18. fxg6+ Rxg6 19. bxc4 Be7 20. O-O Qh8
21. Bd5+ Ke8 22. Qxg6+ Kd7 23. Bg5 Rf8 24. Rxf6 gxf6 25. Qf5+ Kd8 26. Rb1 Kc7 27. Rb7+ Kd8 28. Qd7#
1-0

[Event "Amos Burn Memorial"]
[Site "SchemingMind.com"]
[Date "2021.06.22"]
[Round "-"]
[White "Chessibelle"]
[Black "William Lindberg"]
[Result "0-1"]
[WhiteCountry "ENG"]
[BlackCountry "USA"]
[WhiteElo "1080"]
[WhiteRD "59"]
[BlackElo "2432"]
[BlackRD "67"]
[GameID "712646"]

1. Nf3 e6 2. d4 d5 3. e3 Nf6 4. g3 c5 5. Bb5+ Nbd7 6. Nc3 Qc7 7. O-O a6 8. Bd3 c4 9. Be2 b5 10. Ng5 b4
11. Nb1 a5 12. c3 Bb7 13. f4 Be7 14. Bf3 O-O 15. Nd2 a4 16. Bg2 h6 17. Bf3 hxg5 18. Bg2 g4 19. h3 gxh3 20. Bxh3 a3
21. Nf3 Ne4 22. Kg2 axb2 23. Bxb2 bxc3 24. Bc1 Bc6 25. Qe2 g6 26. Kh2 Ba4 27. Rh1 Kg7 28. a3 Rab8 29. Ne5 Nxe5 30. fxe5 c2
31. Qg4 Nf2 32. Qf3 Nxh1 33. Kxh1 Rb1 34. Kg2 Rxa1 35. Qg4 Rxc1 36. Qf3 Rb1 37. Bg4 c1=Q 38. Qf2 Qh1#
0-1

[Event "Amos Burn Memorial"]
[Site "SchemingMind.com"]
[Date "2021.06.22"]
[Round "-"]
[White "William Lindberg"]
[Black "Chessibelle"]
[Result "1-0"]
[WhiteCountry "USA"]
[BlackCountry "ENG"]
[WhiteElo "2477"]
[WhiteRD "70"]
[BlackElo "1141"]
[BlackRD "61"]
[GameID "712647"]

1. e4 e5 2. Nf3 d6 3. d4 Nf6 4. dxe5 Nxe4 5. Qd5 h6 6. Qxe4 Bd7 7. exd6+ Be6 8. Qxb7 Nd7 9. dxc7 Qc8 10. Qc6 Be7
11. Ba6 Bd5 12. Qxd5 O-O 13. Bxc8
1-0

[Event "Amos Burn Memorial"]
[Site "SchemingMind.com"]
[Date "2021.06.30"]
[Round "-"]
[White "Derek Price"]
[Black "Daniel Dubé"]
[Result "1-0"]
[WhiteCountry "ENG"]
[BlackCountry "CAN"]
[WhiteElo "2231"]
[WhiteRD "67"]
[BlackElo "1563"]
[BlackRD "56"]
[GameID "712894"]

1. c4 Nf6 2. g3 c5 3. Bg2 Nc6 4. Nc3 g6 5. a3 d6 6. Rb1 Bg7 7. b4 cxb4 8. axb4 O-O 9. b5 Ne5 10. d3 e6
11. Nf3 Nfd7 12. Nxe5 Nxe5 13. Qb3 Nd7 14. O-O Rb8 15. Qa3 Qb6 16. Be3 Qd8 17. Rfc1 Ne5 18. Qxa7 Bd7 19. Bxb7 Qc7 20. Bg2 Qc8
21. Qa3 Ng4 22. Ba7 Bxc3 23. Rxc3 Ra8 24. b6 Bc6 25. Bxc6 Qxc6 26. b7 Rxa7 27. Qxa7 Qc5 28. Qxc5 dxc5 29. b8=Q
1-0

[Event "Amos Burn Memorial"]
[Site "SchemingMind.com"]
[Date "2021.07.01"]
[Round "-"]
[White "Daniel Dubé"]
[Black "Derek Price"]
[Result "0-1"]
[WhiteCountry "CAN"]
[BlackCountry "ENG"]
[WhiteElo "1563"]
[WhiteRD "56"]
[BlackElo "2231"]
[BlackRD "67"]
[GameID "712895"]

1. d4 d5 2. c4 c6 3. Nf3 Nf6 4. Nc3 e6 5. Bg5 h6 6. Bxf6 Qxf6 7. Qb3 Nd7 8. g3 Nb6 9. cxd5 exd5 10. Bg2 Be7
11. O-O O-O 12. e4 dxe4 13. Nxe4 Qf5 14. Ne5 Be6 15. Qd1 Rad8 16. a4 c5 17. g4 Qh7 18. Rc1 Rxd4 19. Qf3 Bd5 20. Rfe1 Bd6
21. a5 Bxe5 22. Rcd1 Nd7 23. Rxd4 cxd4 24. Qf5 Qxf5 25. gxf5 Rd8
0-1

[Event "Amos Burn Memorial"]
[Site "SchemingMind.com"]
[Date "2021.06.30"]
[Round "-"]
[White "AussieMossie"]
[Black "Daniel Dubé"]
[Result "1-0"]
[WhiteCountry "AUS"]
[BlackCountry "CAN"]
[WhiteElo "2636"]
[WhiteRD "77"]
[BlackElo "1563"]
[BlackRD "56"]
[GameID "712896"]

1. e4 c5 2. Nf3 Nc6 3. d4 cxd4 4. Nxd4 e5 5. Nb5 d6 6. c4 Nf6 7. Bd3 a6 8. N5c3 Be7 9. O-O O-O 10. h3 h6
11. b3 Be6 12. Nd5 Nd4 13. Nxe7+ Qxe7 14. Re1 Qd7 15. Be3 Bxh3 16. gxh3 Qxh3 17. Bxd4 Ng4 18. Bb6 Qh2+ 19. Kf1 f5 20. exf5 Qh3+
21. Ke2 e4 22. Bxe4 Rfe8 23. Qd5+ Kh8 24. Bd4 Nf6 25. Bxf6 gxf6 26. Nd2 Qh5+ 27. Kd3 Re5 28. Qxb7 Rae8 29. Rh1 Qg5 30. Nf3 Qf4
31. Nxe5 dxe5 32. Qb6
1-0

[Event "Amos Burn Memorial"]
[Site "SchemingMind.com"]
[Date "2021.06.30"]
[Round "-"]
[White "Daniel Dubé"]
[Black "AussieMossie"]
[Result "0-1"]
[WhiteCountry "CAN"]
[BlackCountry "AUS"]
[WhiteElo "1563"]
[WhiteRD "56"]
[BlackElo "2636"]
[BlackRD "77"]
[GameID "712897"]

1. d4 Nf6 2. Nf3 e6 3. c4 d5 4. g3 Bb4+ 5. Bd2 Be7 6. Bg2 c6 7. O-O Nbd7 8. Qc2 O-O 9. Bf4 b6 10. Nbd2 c5
11. cxd5 Nxd5 12. Ne5 Bb7 13. Ndc4 cxd4 14. Nxd7 Qxd7 15. Ne5 Qe8 16. Bd2 Rc8 17. Qd1 Bd6 18. Nd3 e5 19. a3 e4 20. Nb4 Nc7
21. Rc1 Qd7 22. e3 a5 23. Na2 Qe6 24. Ra1 Bd5 25. Nc1 d3 26. h4 Be5 27. b4 Bxa1
0-1

[Event "Amos Burn Memorial"]
[Site "SchemingMind.com"]
[Date "2021.06.30"]
[Round "-"]
[White "ray winteringham"]
[Black "Daniel Dubé"]
[Result "0-1"]
[WhiteCountry "ENG"]
[BlackCountry "CAN"]
[WhiteElo "1511"]
[WhiteRD "50"]
[BlackElo "1622"]
[BlackRD "60"]
[GameID "712898"]

1. d4 f5 2. Nf3 Nf6 3. Bf4 e6 4. e3 d6 5. Be2 Be7 6. Nbd2 O-O 7. c3 b6 8. a3 Bb7 9. O-O Nbd7 10. h3 Ne4
11. Rc1 Ndf6 12. Nxe4 Nxe4 13. b4 a5 14. Bd3 g5 15. Bh2 f4 16. exf4 gxf4 17. Re1 Ng5 18. Nxg5 Bxg5 19. Qg4 Kh8 20. Qxe6 f3
21. gxf3 Bxc1 22. Rxc1 Qg5+ 23. Qg4 Qxc1+ 24. Kg2 Rg8
0-1

[Event "Amos Burn Memorial"]
[Site "SchemingMind.com"]
[Date "2021.07.01"]
[Round "-"]
[White "Daniel Dubé"]
[Black "ray winteringham"]
[Result "0-1"]
[WhiteCountry "CAN"]
[BlackCountry "ENG"]
[WhiteElo "1563"]
[WhiteRD "56"]
[BlackElo "1513"]
[BlackRD "49"]
[GameID "712899"]

1. d4 d5 2. c4 e6 3. Nf3 Nf6 4. g3 Be7 5. Bg2 Bd7 6. O-O dxc4 7. Qc2 b5 8. a4 Bc6 9. axb5 Bd5 10. Na3 c6
11. bxc6 Nxc6 12. Nxc4 Nb4 13. Qa4+ Nc6 14. Nfe5 Qc7 15. e4 Bxc4 16. Re1 Qa5 17. Qxc4 Nxe5 18. Rxa5 Nxc4 19. Ra4 Rc8 20. Rxa7 Bb4
21. Rd1 O-O 22. d5 Rfd8 23. Bg5 Bc5 24. Bf3 Bxa7 25. Bxf6 gxf6 26. b3 Ne5 27. Bg2 Ng4 28. h3 Nxf2
0-1

[Event "Amos Burn Memorial"]
[Site "SchemingMind.com"]
[Date "2021.06.30"]
[Round "-"]
[White "Chessibelle"]
[Black "Daniel Dubé"]
[Result "0-1"]
[WhiteCountry "ENG"]
[BlackCountry "CAN"]
[WhiteElo "1029"]
[WhiteRD "58"]
[BlackElo "1563"]
[BlackRD "56"]
[GameID "712900"]

1. Nf3 f5 2. d4 Nf6 3. g3 e6 4. e3 Be7 5. Be2 O-O 6. O-O d6 7. c3 Qe8 8. a3 b6 9. b4 Bb7 10. Nbd2 Nbd7
11. Ng5 e5 12. f4 Qg6 13. h4 c5 14. Kh2 e4 15. Ne6 Rf7 16. Rg1 Ng4+ 17. Bxg4 Qxe6 18. Be2 g6 19. c4 a5 20. Bf1 Nf6
21. Rb1 Ng4+ 22. Kh1 h6 23. Qb3 Bxh4 24. gxh4 Qf6 25. Rg3 Qxh4+ 26. Kg1 Qxg3+ 27. Bg2 g5 28. Nf1 Qh4 29. Rb2 gxf4 30. exf4 e3
31. Nxe3 Qh2+ 32. Kf1 Bxg2+ 33. Nxg2 Qh1+ 34. Ke2 Qxg2+ 35. Kd3 Qf3+ 36. Kc2 Qe4+ 37. Kd1 Qxd4+ 38. Bd2 Nf2+ 39. Kc1 Nd3+ 40. Kb1 Qxb2+
41. Qxb2 Nxb2 42. Kxb2 h5
0-1

[Event "Amos Burn Memorial"]
[Site "SchemingMind.com"]
[Date "2021.06.30"]
[Round "-"]
[White "Daniel Dubé"]
[Black "Chessibelle"]
[Result "1-0"]
[WhiteCountry "CAN"]
[BlackCountry "ENG"]
[WhiteElo "1622"]
[WhiteRD "60"]
[BlackElo "1080"]
[BlackRD "59"]
[GameID "712901"]

1. d4 d5 2. c4 Be6 3. cxd5 Bxd5 4. Nc3 Bc6 5. d5 Bd7 6. e4 e6 7. Nf3 g6 8. Be2 Ne7 9. O-O f5 10. Bg5 Bg7
11. Qb3 b6 12. dxe6 Bc6 13. Rad1 Qc8 14. Bb5 O-O 15. Bxe7 Re8 16. Bd8 Rxd8 17. Rxd8+ Qxd8 18. e7+
1-0

[Event "Amos Burn Memorial"]
[Site "SchemingMind.com"]
[Date "2021.06.30"]
[Round "-"]
[White "William Lindberg"]
[Black "Daniel Dubé"]
[Result "1-0"]
[WhiteCountry "USA"]
[BlackCountry "CAN"]
[WhiteElo "2429"]
[WhiteRD "65"]
[BlackElo "1563"]
[BlackRD "56"]
[GameID "712902"]

1. c4 e5 2. Nc3 Nf6 3. Nf3 Nc6 4. g3 Bb4 5. Bg2 Bxc3 6. bxc3 O-O 7. O-O d6 8. d3 Re8 9. e4 h6 10. Ne1 Be6
11. Rb1 Rb8 12. Nc2 Na5 13. f4 Bg4 14. Qe1 exf4 15. gxf4 Bd7 16. Ne3 c6 17. Kh1 b5 18. c5 dxc5 19. c4 bxc4 20. Rxb8 Qxb8
21. Qxa5 Ng4 22. Nxc4 g5 23. Qxc5 Be6 24. h3 Nf6 25. fxg5 Nd7 26. Qd4
1-0